| 000 | 00888nam a2200181 a 4500 | ||
|---|---|---|---|
| 008 | 120416s2000 ||||||||||||||||| || u | ||
| 020 | _a8120314948 | ||
| 050 | _aQC 174.17.R37 Moh | ||
| 100 | _aMohanty, A. K | ||
| 245 | 1 | 0 | _aRate processes in metallurgy |
| 260 |
_aNew Delhi _bPrentice - Hall of India _c2000 |
||
| 350 | _a0.00 | ||
| 650 | _aMETALLURGY | ||
| 650 | _aMETAL | ||
| 995 |
_aMAIN LIBRARY OPEN ACCESS _D0.00 _e732706 _FCBU-MAIN LIBRARY (Kitwe) _H1 _I38.00 _jQC 174.17.R37 Moh _M1 _UAVAILABLE _WJul 5, 2006 _y44445 _ZMain Library Open Access Collection |
||
| 995 |
_aMAIN LIBRARY OPEN ACCESS _D0.00 _e732707 _FCBU-MAIN LIBRARY (Kitwe) _H3 _I38.00 _jQC 174.17.R37 Moh _M3 _UAVAILABLE _y44446 _ZMain Library Open Access Collection |
||
| 995 |
_aANNEX COLLECTION (Main Library) _D0.00 _e732705 _FCBU-MAIN LIBRARY (Kitwe) _H2 _I38.00 _jQC 174.17.R37 Moh _M2 _UAVAILABLE _y44444 _ZAnnex Low-Usage Collection |
||
| 999 |
_c79957 _d79957 |
||